| 000 | 00497nam a2200157Ia 4500 | ||
|---|---|---|---|
| 008 | 151021s9999 xx 000 0 und d | ||
| 020 | _a9.7801314771e+012 | ||
| 050 | _aTA403 .M246 2006 | ||
| 245 | _a_Materials for civil and construction engineers.-2nd ed. Michael S.Mamlouk | ||
| 260 | _aNew York Prentice Hall 2006 | ||
| 300 | _axvi,576p.;ill | ||
| 500 | _aInludes index. | ||
| 500 | _aInludes index. | ||
| 650 | _a_Civil engineers construction | ||
| 980 | _a^d20130524 12:02:52^oanne | ||
| 999 |
_c13697 _d13697 |
||